Soccer Managers Who Won UEFA Champions League as Manager- Sudden Death - Statistics

General Stats
  • This quiz has been taken 346 times
  • The average score is 8 of 15
Answers on the Grid
Answers color-coded by a green-red scale on the quiz's grid according to % correct below.
Alex Ferguson
Ange Postecoglou
Antonio Conte
Arrigo Sacchi
Arsène Wenger
Carlo Ancelotti
Claudio Ranieri
Didier Deschamps
Diego Simeone
Ernesto Valverde
Franklin Rijkaard
Gian Piero Gasperini
Hansi Flick
Jose Mourinho
Julian Nagelsmann
Jupp Heynckes
Jurgen Klopp
Luciano Spalletti
Luis Enrique
Marcello Lippi
Massimiliano Allegri
Mauricio Pochettino
Mikel Arteta
Ottmar Hitzfeld
Pep Guardiola
Rafael Benitez
Simone Inzaghi
Stefano Pioli
Thomas Tuchel
Unai Emery
Xabi Alonso
Zinedine Zidane
 
Answer Stats
Answer % Correct
Alex Ferguson
96%
Carlo Ancelotti
76%
Pep Guardiola
72%
Jose Mourinho
70%
Jurgen Klopp
70%
Zinedine Zidane
70%
Thomas Tuchel
60%
Hansi Flick
59%
Luis Enrique
59%
Rafael Benitez
48%
Franklin Rijkaard
40%
Jupp Heynckes
38%
Arrigo Sacchi
33%
Ottmar Hitzfeld
31%
Marcello Lippi
26%
No matching quizzes found
Score Distribution
Percent of People with Each Score
Percentile by Number Answered
Your Score History
You have not taken this quiz